Statistics for Simpsons Family Tree

Click here to take the quiz!

General Stats

  • This quiz has been taken 98 times
  • The average score is 9 of 13

Answer Stats

HintAnswer% Correct
SonBart
100%
FatherHomer
100%
DaughterLisa
100%
DaughterMaggie
100%
MotherMarge
99%
GrandfatherAbe
78%
Aunt (Bouvier)Selma
78%
Aunt (Bouvier)Patty
74%
GrandmotherMona
58%
UncleHerb
55%
Grandmother (Bouvier)Jacqueline
38%
Grandfather (Bouvier)Clancy
23%
Cousin (Bouvier)Ling
20%

Score Distribution

Percentile by Number Answered

Percent of People with Each Score

Your Score History

You have not taken this quiz